| 000 | 00420nam a2200145 4500 | ||
|---|---|---|---|
| 003 | OSt | ||
| 082 |
_a664 _bJAH/DE |
||
| 088 | _aT 639 | ||
| 100 |
_aJahana Thasneem P _94948 |
||
| 245 | _aDevelopment of semi-continuous ultrasound assisted infrared dryer for food products / | ||
| 260 |
_aTavanur : _bDepartment of Processing and Food Engineering, _c2025 |
||
| 300 | _a381p. | ||
| 700 | _aRajesh G. K (Guide) | ||
| 942 | _cTH | ||
| 999 |
_c19440 _d19440 |
||